You and the environment (Record no. 36477)

MARC details
000 -LEADER
fixed length control field 00341nam a2200145Ia 4500
082 ## - DEWEY DECIMAL CLASSIFICATION NUMBER
Classification number 581.52
Item number DAY
100 ## - MAIN ENTRY--AUTHOR NAME
Personal name DAY, Garry D
245 #0 - TITLE STATEMENT
Title You and the environment
260 ## - PUBLICATION, DISTRIBUTION, ETC. (IMPRINT)
Place of publication Boston
Name of publisher Houghton
Year of publication 1974
650 ## - SUBJECT ADDED ENTRY--TOPICAL TERM
Topical Term Ecology
650 ## - SUBJECT ADDED ENTRY--TOPICAL TERM
Topical Term Environment
650 ## - SUBJECT ADDED ENTRY--TOPICAL TERM
Topical Term Pollution
942 ## - ADDED ENTRY ELEMENTS (KOHA)
Koha item type Books
Holdings
Withdrawn status Lost status Damaged status Not for loan Home library Current library Date acquired Full call number Accession Number Koha item type
        RRII Library RRII Library 16/12/2021 581.52 DAY 16883 Books